00609nam a2200205Ia 4500003000900000008004100009040001300050040001300063041000800076100002100084245003900105260002100144260000900165300000800174490001200182490000700194942000700201999001300208952018200221IT-RoPAU120407s9999 xx 000 0 und d aIT-RoPAU cIT-RoPAU aita aAntonio Stoppani aI primi anni di Alessandro Manzoni aEdizioni Paoline c1956 c cm aMaestri v13 cBK c171d171 00102ddc406808_91300000000000071aPAULUSbPAULUSd2012-04-11l0o808.913r2012-04-11 00:00:00w2012-04-11yBKzInserito da: In data: n.d. fondo: Via A.Severo 56 Progr:11235